Ekomonitoring i analitičeskij kontroľ kačestva vody
Salvato in:
| Natura: | Libro |
|---|---|
| Lingua: | russo |
| Pubblicazione: |
Tambov :
Izd-vo IP Česnokova A.V.,
2011
|
| Tags: |
Nessun Tag, puoi essere il primo ad aggiungerne!!
|
MARC
| LEADER | 00000nam a22000003a 4500 | ||
|---|---|---|---|
| 001 | stu253736 | ||
| 005 | 20150408182947.2 | ||
| 008 | 120827s--------ru------------------rus-d | ||
| 020 | |a 978-5-903-435-78-4 | ||
| 040 | |a STU |b slo | ||
| 041 | 0 | |a rus | |
| 044 | |a ru | ||
| 080 | |a 504.064(075.8) |7 stu_us_auth*stu6349 | ||
| 245 | |a Ekomonitoring i analitičeskij kontroľ kačestva vody | ||
| 260 | |a Tambov : |b Izd-vo IP Česnokova A.V., |c 2011 | ||
| 300 | |a 230 s | ||
| 996 | |b 284V032539 |c V*51672/O-23105 |l VVT |s A |a 24 |w stu253736_0001 | ||